| 000 | 00672cam a22002172 4500 | ||
|---|---|---|---|
| 001 | 0000020573 | ||
| 005 | 20151217154441.0 | ||
| 008 | 110923s xx 000 0 eng d | ||
| 020 | _a8178299518 : | ||
| 040 |
_aKABU _cKABU |
||
| 245 | 1 | 0 |
_aTerrorism : _bpatterns of internationalization / _cJaideep Saikia, Ekaterina Stepanova (eds) |
| 250 | _a1st ed. | ||
| 260 |
_aLondon : _bSage, _c2009. |
||
| 300 | _axl, 266 p. | ||
| 650 | 0 |
_aTerrorism _xCase studies. _@0000181062 |
|
| 700 | 1 |
_aSaikia, Jaideep. _@0000181063 |
|
| 700 | 1 |
_aStepanova, Ekaterina. _@0000181064 |
|
| 852 | 1 | _9p5425 KES | |
| 908 | _a110923 | ||
| 950 | _@1 | ||
| 999 |
_c11373 _d11373 |
||